000
00330nam a2200145Ia 4500
999
_c
10767
_d
10767
008
191201s2011 xx 000 0 und d
082
_a
336
_b
BHP
100
_a
BHATIA, H L
245
0
_a
Public Finance
250
_a
30th
260
_a
New Delhi
_b
Vikas Pub.
_c
2021
300
_a
608
650
_a
BA Economics
942
_2
ddc
_c
BK